[Event "4NCL/Div4/GUI4 vs. NOTT1"]
[Site "West Bromwich ENG"]
[Date "2006.05.27"]
[Round "9.4"]
[White "Truman, Richard G"]
[Black "Punnett, Alan K"]
[Result "1-0"]
[WhiteElo "2070"]
[BlackElo "2155"]
[PlyCount "61"]
[EventDate "2006.05.27"]
[EventType "team"]
[EventRounds "11"]
[EventCountry "ENG"]
[SourceDate "2006.04.29"]
[WhiteTeam "Notts 1"]
[BlackTeam "Guildford-ADC 4"]

1. d4 Nf6 2. c4 e6 3. Nc3 Bb4 4. e3 b6 5. Nge2 Ba6 6. a3 Be7 7. Nf4 c5 8. d5 e5
9. Nh5 d6 10. Nxg7+ Kf8 11. Nf5 Qd7 12. Qf3 Rg8 13. e4 Bb7 14. Bh6+ Ke8 15. Bg7
Rxg7 16. Nxg7+ Kd8 17. Nf5 Na6 18. Nb5 Ne8 19. Qh5 Bf8 20. g3 Nac7 21. Nxc7
Kxc7 22. Bh3 Nf6 23. Qh4 Qd8 24. O-O Bc8 25. f4 Nxe4 26. Qxh7 Qf6 27. fxe5 dxe5
28. Nd4 Qh6 29. Rxf7+ Kb8 30. Qxh6 Bxh6 31. Nc6# 1-0

[Event "4NCL/Div4/GUI4 vs. NOTT1"]
[Site "West Bromwich ENG"]
[Date "2006.05.27"]
[Round "9.5"]
[White "Stimpson, Philip M"]
[Black "McBeth, Michael"]
[Result "1/2-1/2"]
[WhiteElo "2090"]
[BlackElo "2050"]
[PlyCount "58"]
[EventDate "2006.05.27"]
[EventType "team"]
[EventRounds "11"]
[EventCountry "ENG"]
[SourceDate "2006.04.29"]
[WhiteTeam "Guildford-ADC 4"]
[BlackTeam "Notts 1"]

1. e4 e5 2. Nf3 Nc6 3. d4 exd4 4. Nxd4 Nf6 5. Nc3 Bb4 6. Bc4 O-O 7. O-O Bxc3 8.
bxc3 Nxe4 9. Qh5 Nxd4 10. cxd4 Qf6 11. Bd3 Qxd4 12. Be3 Qa4 13. Qh4 f5 14. f3
Nc3 15. Bc4+ d5 16. Bxd5+ Kh8 17. Qxa4 Nxa4 18. Bb3 Bd7 19. Rad1 Bc6 20. Bf4
Nc3 21. Rd2 Bb5 22. Re1 c5 23. a4 Nxa4 24. Re7 Rfe8 25. Bxa4 Bxa4 26. Rxb7 a5
27. Rc7 Rac8 28. Rd5 Rxc7 29. Bxc7 Bxc2 1/2-1/2

[Event "4NCL/Div4/GUI4 vs. NOTT1"]
[Site "West Bromwich ENG"]
[Date "2006.05.27"]
[Round "9.6"]
[White "Burke, Steven J"]
[Black "Smart, Michael R"]
[Result "0-1"]
[WhiteElo "2065"]
[BlackElo "2070"]
[PlyCount "60"]
[EventDate "2006.05.27"]
[EventType "team"]
[EventRounds "11"]
[EventCountry "ENG"]
[SourceDate "2006.04.29"]
[WhiteTeam "Notts 1"]
[BlackTeam "Guildford-ADC 4"]

1. f4 c5 2. Nf3 Nf6 3. e3 a6 4. Be2 d6 5. O-O e6 6. c4 Be7 7. Nc3 O-O 8. Qc2
Nc6 9. a3 d5 10. Ne5 Qc7 11. Nxc6 Qxc6 12. Bf3 Qd6 13. Na4 Qc7 14. cxd5 Nxd5
15. e4 Nxf4 16. d4 c4 17. b3 b5 18. Nb2 Qd6 19. Bxf4 Qxf4 20. bxc4 Bb7 21. Qd3
Rad8 22. cxb5 axb5 23. Rad1 Bc6 24. g3 Qg5 25. e5 Bxf3 26. Rxf3 Bc5 27. Qxb5
Bxd4+ 28. Kg2 Rb8 29. Qd7 Rxb2+ 30. Kh1 Qh5 0-1

[Event "4NCL/Div4/MET vs. SCS"]
[Site "West Bromwich ENG"]
[Date "2006.05.27"]
[Round "9.1"]
[White "Noden, Nicolas"]
[Black "Reynolds, D Ian"]
[Result "0-1"]
[WhiteElo "2150"]
[BlackElo "2125"]
[PlyCount "68"]
[EventDate "2006.05.27"]
[EventType "team"]
[EventRounds "11"]
[EventCountry "ENG"]
[SourceDate "2006.04.29"]
[WhiteTeam "Metropolitan"]
[BlackTeam "S Counties Stars"]

1. c4 e5 2. g3 Nc6 3. Bg2 g6 4. Nc3 Bg7 5. e4 Nge7 6. Nge2 d6 7. d3 Nd4 8. Nxd4
exd4 9. Ne2 O-O 10. O-O Rb8 11. Bd2 c5 12. b4 b5 13. cxb5 Rxb5 14. bxc5 dxc5
15. a4 Rb2 16. Rb1 Rxb1 17. Qxb1 Ba6 18. Rc1 Qd6 19. Qc2 c4 20. Nf4 c3 21. Be1
Rb8 22. Ne2 Rb2 23. Qd1 Nc6 24. f4 Nb4 25. e5 Qb6 26. Be4 Bf8 27. f5 Na2 28. e6
Nxc1 29. exf7+ Kxf7 30. fxg6+ hxg6 31. Nxc1 Bh6 32. Nb3 Be3+ 33. Kh1 Qf6 34.
Bd5+ Kg7 0-1

[Event "4NCL/Div4/MET vs. SCS"]
[Site "West Bromwich ENG"]
[Date "2006.05.27"]
[Round "9.2"]
[White "Lutton, E Josiah"]
[Black "Calvert, D Ian"]
[Result "1-0"]
[WhiteElo "2125"]
[BlackElo "2075"]
[PlyCount "83"]
[EventDate "2006.05.27"]
[EventType "team"]
[EventRounds "11"]
[EventCountry "ENG"]
[SourceDate "2006.04.29"]
[WhiteTeam "S Counties Stars"]
[BlackTeam "Metropolitan"]

1. e4 d5 2. Nc3 dxe4 3. Nxe4 Nd7 4. Nf3 Ngf6 5. Ng3 e6 6. d4 Be7 7. Bd3 c5 8.
c3 cxd4 9. cxd4 Nd5 10. Ne4 N7f6 11. Nxf6+ Bxf6 12. Ne5 O-O 13. h4 Bxe5 14.
dxe5 Nb4 15. Be4 Qxd1+ 16. Kxd1 Rd8+ 17. Ke2 Bd7 18. Bg5 Bb5+ 19. Kf3 Rd7 20.
Rhd1 Nd5 21. Rac1 h6 22. Be3 Bc6 23. a3 a6 24. Bc5 Rad8 25. Kg3 f5 26. Bf3 g5
27. Bd6 g4 28. Be2 h5 29. Kh2 f4 30. Bxa6 Kf7 31. Be2 Ne7 32. b4 Nf5 33. b5 Bd5
34. Rc7 Nxh4 35. b6 Kg6 36. Bb5 Rxd6 37. exd6 Rxd6 38. Rxb7 g3+ 39. fxg3 fxg3+
40. Kg1 Bxb7 41. Rxd6 Bxg2 42. Bc6 1-0

[Event "4NCL/Div4/MET vs. SCS"]
[Site "West Bromwich ENG"]
[Date "2006.05.27"]
[Round "9.3"]
[White "Fegan, Chris"]
[Black "Kilpatrick, Callum"]
[Result "1/2-1/2"]
[WhiteElo "2115"]
[BlackElo "2070"]
[PlyCount "47"]
[EventDate "2006.05.27"]
[EventType "team"]
[EventRounds "11"]
[EventCountry "ENG"]
[SourceDate "2006.04.29"]
[WhiteTeam "Metropolitan"]
[BlackTeam "S Counties Stars"]

1. d4 Nf6 2. Nf3 g6 3. g3 Bg7 4. Bg2 O-O 5. O-O d6 6. Re1 Nbd7 7. e4 e5 8. dxe5
Nxe5 9. Nxe5 dxe5 10. Qxd8 Rxd8 11. Nc3 c6 12. Be3 Ng4 13. Bc5 Bf8 14. Na4 b6
15. Bxf8 Kxf8 16. Rad1 Be6 17. b3 Ke7 18. Nb2 Nh6 19. Nd3 f6 20. h3 Nf7 21. f4
Rd6 22. fxe5 Nxe5 23. Nxe5 fxe5 24. Rxd6 1/2-1/2

[Event "4NCL/Div4/MET vs. SCS"]
[Site "West Bromwich ENG"]
[Date "2006.05.27"]
[Round "9.5"]
[White "Djabri, Zafer M"]
[Black "Heard, Andrew H"]
[Result "1-0"]
[WhiteElo "2080"]
[BlackElo "2030"]
[PlyCount "35"]
[EventDate "2006.05.27"]
[EventType "team"]
[EventRounds "11"]
[EventCountry "ENG"]
[SourceDate "2006.04.29"]
[WhiteTeam "Metropolitan"]
[BlackTeam "S Counties Stars"]

1. c4 Nf6 2. Nc3 c5 3. g3 Nc6 4. Bg2 g6 5. Nf3 Bg7 6. d4 cxd4 7. Nxd4 O-O 8.
O-O Qb6 9. Nb3 a6 10. c5 Qc7 11. Bf4 e5 12. Bg5 Ne7 13. Qd2 Re8 14. Rfd1 Nf5
15. Bxf6 Bxf6 16. Nd5 Qd8 17. e4 Bg5 18. f4 1-0

[Event "4NCL/Div4/MET vs. SCS"]
[Site "West Bromwich ENG"]
[Date "2006.05.27"]
[Round "9.6"]
[White "Lutton, J Arnold"]
[Black "Djabri, Katherine"]
[Result "0-1"]
[WhiteElo "1940"]
[BlackElo "2065"]
[PlyCount "82"]
[EventDate "2006.05.27"]
[EventType "team"]
[EventRounds "11"]
[EventCountry "ENG"]
[SourceDate "2006.04.29"]
[WhiteTeam "S Counties Stars"]
[BlackTeam "Metropolitan"]

1. e4 c5 2. Nc3 Nc6 3. f4 e6 4. Bb5 Nge7 5. d3 Nd4 6. Nf3 a6 7. Ba4 b5 8. Bb3
Nec6 9. O-O Bb7 10. Ne2 Nxf3+ 11. gxf3 d5 12. c3 Be7 13. f5 c4 14. fxe6 cxb3
15. exf7+ Kxf7 16. Nf4 Ne5 17. d4 Ng6 18. Nd3 bxa2 19. Rxa2 Re8 20. e5 Bc8 21.
b3 Bh3 22. Re2 Bxf1 23. e6+ Kg8 24. Qxf1 Qc7 25. Bd2 a5 26. f4 a4 27. bxa4 bxa4
28. f5 Nf8 29. Ne5 Bf6 30. Nf7 Re7 31. Qg2 Rxf7 32. exf7+ Qxf7 33. Bc1 Rb8 34.
h3 Rb1 35. Rc2 Qd7 36. Kh2 Be7 37. Bf4 Qxf5 38. Rf2 Qe4 39. Qxe4 dxe4 40. Rd2
a3 41. Ra2 Rb2+ 0-1

[Event "4NCL/Div4/WWKS2 vs. 3CS2"]
[Site "West Bromwich ENG"]
[Date "2006.05.27"]
[Round "9.1"]
[White "Baruch, Andrew J D"]
[Black "James, Dale R"]
[Result "1-0"]
[WhiteElo "2180"]
[BlackElo "2240"]
[PlyCount "97"]
[EventDate "2006.05.27"]
[EventType "team"]
[EventRounds "11"]
[EventCountry "ENG"]
[SourceDate "2006.04.29"]
[WhiteTeam "Warks Select 2"]
[BlackTeam "3Cs Oldham 2"]

1. Nf3 c5 2. e4 Nc6 3. Bb5 g6 4. Bxc6 bxc6 5. d3 Bg7 6. O-O Nf6 7. Nc3 d5 8.
Re1 O-O 9. Bd2 d4 10. Na4 Nd7 11. e5 e6 12. b3 Ba6 13. c4 f6 14. Bf4 fxe5 15.
Bg3 Rf5 16. Nd2 Qe7 17. Ne4 Bh6 18. Re2 Raf8 19. Qe1 Bc8 20. Qa5 Bg7 21. Qxa7
h5 22. h4 g5 23. hxg5 Rxg5 24. Naxc5 h4 25. Nxd7 hxg3 26. Nxg5 Rxf2 27. Rxf2
gxf2+ 28. Kf1 Qxg5 29. Qb8 Qh4 30. Qxc8+ Kh7 31. Nf8+ Bxf8 32. Qxf8 Qh1+ 33.
Kxf2 Qxa1 34. Qf7+ Kh8 35. Qxe6 Qxa2+ 36. Kf3 Qa5 37. Qxc6 Qd2 38. Qe4 Kg8 39.
b4 Kf7 40. b5 Kf6 41. b6 Qd1+ 42. Kg3 Qb3 43. b7 Qb6 44. c5 Qc7 45. c6 Ke6 46.
Qg4+ Kf6 47. Qg8 e4+ 48. Kh3 exd3 49. b8=Q 1-0

[Event "4NCL/Div4/WWKS2 vs. 3CS2"]
[Site "West Bromwich ENG"]
[Date "2006.05.27"]
[Round "9.2"]
[White "Jaunooby, Ali Reza"]
[Black "Talbot, Andrew"]
[Result "1-0"]
[WhiteElo "2160"]
[BlackElo "2115"]
[PlyCount "75"]
[EventDate "2006.05.27"]
[EventType "team"]
[EventRounds "11"]
[EventCountry "ENG"]
[SourceDate "2006.04.29"]
[WhiteTeam "3Cs Oldham 2"]
[BlackTeam "Warks Select 2"]

1. d4 Nf6 2. c4 g6 3. g3 Bg7 4. Bg2 O-O 5. Nc3 d6 6. e3 Nc6 7. h3 Bd7 8. Nge2
Qc8 9. d5 Na5 10. Qd3 c5 11. g4 a6 12. Ng3 b5 13. b3 bxc4 14. bxc4 Rb8 15. Bd2
Rb4 16. Nd1 Nxd5 17. Rc1 Nb6 18. Bxb4 cxb4 19. Qb1 Naxc4 20. Qxb4 Ne5 21. Rxc8
Nd3+ 22. Kd2 Nxb4 23. Rc7 Bb5 24. a3 N4d5 25. Rb7 f5 26. gxf5 gxf5 27. Nh5 Bh8
28. f4 Rc8 29. e4 Nc4+ 30. Ke1 Nde3 31. Bf3 Nc2+ 32. Kf2 Bd4+ 33. Kg3 Kf7 34.
exf5 Rg8+ 35. Kh2 N2e3 36. Re1 d5 37. Nxe3 Bc6 38. Bxd5+ 1-0

[Event "4NCL/Div4/WWKS2 vs. 3CS2"]
[Site "West Bromwich ENG"]
[Date "2006.05.27"]
[Round "9.3"]
[White "McCumiskey, Andrew"]
[Black "Adams, Phil"]
[Result "1/2-1/2"]
[WhiteElo "2125"]
[BlackElo "2150"]
[PlyCount "50"]
[EventDate "2006.05.27"]
[EventType "team"]
[EventRounds "11"]
[EventCountry "ENG"]
[SourceDate "2006.04.29"]
[WhiteTeam "Warks Select 2"]
[BlackTeam "3Cs Oldham 2"]

1. d4 Nf6 2. Bg5 e6 3. e4 h6 4. Bxf6 Qxf6 5. Nf3 d5 6. Nbd2 c5 7. c3 cxd4 8.
cxd4 dxe4 9. Nxe4 Bb4+ 10. Nc3 O-O 11. Qb3 Nc6 12. Bd3 Rd8 13. O-O Bf8 14. Ne2
Bd7 15. Rac1 Be8 16. Rfd1 Rab8 17. h3 b5 18. Bb1 g6 19. Qe3 b4 20. a4 Ne7 21.
b3 Nd5 22. Qe4 Rbc8 23. Ne5 Nc3 24. Nxc3 bxc3 25. Rd3 Bd6 1/2-1/2

[Event "4NCL/Div4/WWKS2 vs. 3CS2"]
[Site "West Bromwich ENG"]
[Date "2006.05.27"]
[Round "9.4"]
[White "Firth, Malcolm"]
[Black "Cooper, David M"]
[Result "1/2-1/2"]
[WhiteElo "2130"]
[BlackElo "2080"]
[PlyCount "49"]
[EventDate "2006.05.27"]
[EventType "team"]
[EventRounds "11"]
[EventCountry "ENG"]
[SourceDate "2006.04.29"]
[WhiteTeam "3Cs Oldham 2"]
[BlackTeam "Warks Select 2"]

1. d4 d5 2. c4 Nc6 3. Nf3 Bg4 4. e3 e5 5. cxd5 Qxd5 6. Nc3 Bb4 7. Bd2 Bxc3 8.
bxc3 e4 9. c4 Qh5 10. Qb1 O-O-O 11. Ng1 Nf6 12. Ne2 Bxe2 13. Bxe2 Qg5 14. g3
Rhe8 15. h4 Qf5 16. h5 g6 17. Qb5 Qxb5 18. cxb5 Ne7 19. Rc1 Ned5 20. Kf1 g5 21.
Kg2 Kb8 22. a4 h6 23. a5 g4 24. Rc5 Rg8 25. Rh4 1/2-1/2

[Event "4NCL/Div4/WWKS2 vs. 3CS2"]
[Site "West Bromwich ENG"]
[Date "2006.05.27"]
[Round "9.5"]
[White "Birch, Harvey"]
[Black "Tompson, John C"]
[Result "0-1"]
[WhiteElo "1755"]
[BlackElo "2050"]
[PlyCount "60"]
[EventDate "2006.05.27"]
[EventType "team"]
[EventRounds "11"]
[EventCountry "ENG"]
[SourceDate "2006.04.29"]
[WhiteTeam "Warks Select 2"]
[BlackTeam "3Cs Oldham 2"]

1. c4 g6 2. g3 Bg7 3. Bg2 d6 4. Nc3 Nf6 5. e4 c5 6. Nge2 Nc6 7. d3 O-O 8. O-O
Ne8 9. Be3 Nc7 10. d4 cxd4 11. Nxd4 Nxd4 12. Bxd4 e5 13. Be3 f5 14. Qd3 f4 15.
Bd2 Ne6 16. Qd5 a6 17. Bh3 Qe7 18. Na4 Kh8 19. Nb6 Nc7 20. Nxc8 Raxc8 21. Qxb7
Rb8 22. Qc6 Ne6 23. Bxe6 Qxe6 24. gxf4 Rxb2 25. f5 gxf5 26. exf5 Qxf5 27. Be3
e4 28. Qxd6 Be5 29. Qd1 Rg8+ 30. Kh1 Qh3 0-1

[Event "4NCL/Div4/WWKS2 vs. 3CS2"]
[Site "West Bromwich ENG"]
[Date "2006.05.27"]
[Round "9.6"]
[White "Lysons, John"]
[Black "Birch, Fay"]
[Result "1-0"]
[WhiteElo "1950"]
[BlackElo "1670"]
[PlyCount "67"]
[EventDate "2006.05.27"]
[EventType "team"]
[EventRounds "11"]
[EventCountry "ENG"]
[SourceDate "2006.04.29"]
[WhiteTeam "3Cs Oldham 2"]
[BlackTeam "Warks Select 2"]

1. Nf3 d5 2. d4 Nf6 3. c4 e6 4. Nc3 Bb4 5. a3 Bxc3+ 6. bxc3 dxc4 7. Qa4+ Bd7 8.
Qxc4 Bc6 9. Bf4 O-O 10. e3 Bxf3 11. gxf3 Nc6 12. Bd3 Nd5 13. Bg3 Nb6 14. Qb3
Rc8 15. Qc2 h6 16. Rg1 Qf6 17. Be4 Nd5 18. Qb3 Qd8 19. Qxb7 Qd7 20. Qb3 Kh8 21.
Qc2 f5 22. c4 Nxe3 23. fxe3 fxe4 24. Qxe4 Rg8 25. Rb1 Rb8 26. Kf2 Rxb1 27. Rxb1
Rb8 28. Rxb8+ Nxb8 29. Qb7 Nc6 30. Qxc7 Qe8 31. d5 exd5 32. cxd5 Ne7 33. e4 Kg8
34. d6 1-0

[Event "4NCL/Div4/SLOS4 vs. SXM"]
[Site "West Bromwich ENG"]
[Date "2006.05.27"]
[Round "9.1"]
[White "Makepeace, Philip J"]
[Black "Fraser, Joe P"]
[Result "1/2-1/2"]
[WhiteElo "2050"]
[BlackElo "2065"]
[PlyCount "44"]
[EventDate "2006.05.27"]
[EventType "team"]
[EventRounds "11"]
[EventCountry "ENG"]
[SourceDate "2006.04.29"]
[WhiteTeam "Slough Sharks 4"]
[BlackTeam "Sx Mindsports"]

1. e4 c5 2. Nf3 Nc6 3. d4 cxd4 4. Nxd4 Nf6 5. Nc3 e5 6. Ndb5 d6 7. Nd5 Nxd5 8.
exd5 Nb8 9. c3 Be7 10. Be3 a6 11. Qa4 O-O 12. Na7 Bd7 13. Qb4 b5 14. a4 Bg5 15.
Bxg5 Qxg5 16. Qxd6 Bg4 17. Nc6 Nxc6 18. Qxc6 Qf5 19. Qc5 Qc2 20. f3 Qxb2 21.
Qa3 Qxa3 22. Rxa3 Bd7 1/2-1/2

[Event "4NCL/Div4/SLOS4 vs. SXM"]
[Site "West Bromwich ENG"]
[Date "2006.05.27"]
[Round "9.2"]
[White "Bucher, Grant W"]
[Black "Edgell, Ben P"]
[Result "1/2-1/2"]
[WhiteElo "2025"]
[BlackElo "2095"]
[PlyCount "80"]
[EventDate "2006.05.27"]
[EventType "team"]
[EventRounds "11"]
[EventCountry "ENG"]
[SourceDate "2006.04.29"]
[WhiteTeam "Sx Mindsports"]
[BlackTeam "Slough Sharks 4"]

1. e4 e5 2. f4 exf4 3. Nf3 d5 4. exd5 Nf6 5. Bc4 Bd6 6. Qe2+ Qe7 7. Qxe7+ Kxe7
8. O-O Re8 9. d4 h6 10. Ne5 g5 11. Bb5 Nbd7 12. c4 Rd8 13. Nd3 Kf8 14. Nc3 a6
15. Bxd7 Nxd7 16. Ne4 Be7 17. Nxf4 Nf6 18. Ng6+ fxg6 19. Nxf6 Kg7 20. Ne4 Bf5
21. Re1 Re8 22. Bd2 Bf8 23. Nc5 Bxc5 24. dxc5 Bd3 25. b3 Kf7 26. Kf2 Rxe1 27.
Rxe1 Re8 28. Be3 Bf5 29. Rd1 Rd8 30. d6 c6 31. b4 Be6 32. Rd4 Rf8 33. a4 Ke8+
34. Ke2 Kd7 35. Re4 Re8 36. Kd2 Bf5 37. Rxe8 Kxe8 38. Kc3 Kd7 39. b5 Bg4 40. g3
Be2 1/2-1/2

[Event "4NCL/Div4/SLOS4 vs. SXM"]
[Site "West Bromwich ENG"]
[Date "2006.05.27"]
[Round "9.3"]
[White "Varnam, Liam D"]
[Black "Tucker, Andrew L"]
[Result "0-1"]
[WhiteElo "2110"]
[BlackElo "1980"]
[PlyCount "88"]
[EventDate "2006.05.27"]
[EventType "team"]
[EventRounds "11"]
[EventCountry "ENG"]
[SourceDate "2006.04.29"]
[WhiteTeam "Slough Sharks 4"]
[BlackTeam "Sx Mindsports"]

1. e4 c5 2. Nf3 Nc6 3. Nc3 e6 4. g3 d5 5. Bg2 Nf6 6. exd5 exd5 7. O-O Be7 8. d4
O-O 9. Bg5 Ne4 10. Bxe7 Nxe7 11. Ne2 Qb6 12. Rb1 Bf5 13. Nh4 Bg6 14. dxc5 Qxc5
15. Nxg6 hxg6 16. Qd3 f5 17. Nf4 Kf7 18. b4 Qc6 19. Rbe1 Rac8 20. f3 Qb6+ 21.
Qe3 Nd2 22. Qxb6 axb6 23. Rf2 Nc4 24. Rxe7+ Kxe7 25. Nxg6+ Kd6 26. Nxf8 Rxf8
27. Bf1 b5 28. Bxc4 bxc4 29. Rd2 Ra8 30. Kf2 Rxa2 31. Ke3 Rb2 32. c3 Rb1 33.
Re2 Rd1 34. Kf4 Rd3 35. Rc2 Ke6 36. h4 Kf6 37. g4 d4 38. cxd4 Rxd4+ 39. Ke3
Rd3+ 40. Kf4 b5 41. g5+ Kg6 42. Rh2 Kh5 43. Kxf5 Rxf3+ 44. Ke4 Rb3 0-1

[Event "4NCL/Div4/SLOS4 vs. SXM"]
[Site "West Bromwich ENG"]
[Date "2006.05.27"]
[Round "9.4"]
[White "Richardson, Joe M"]
[Black "Coates, David"]
[Result "0-1"]
[WhiteElo "1950"]
[BlackElo "2025"]
[PlyCount "144"]
[EventDate "2006.05.27"]
[EventType "team"]
[EventRounds "11"]
[EventCountry "ENG"]
[SourceDate "2006.04.29"]
[WhiteTeam "Sx Mindsports"]
[BlackTeam "Slough Sharks 4"]

1. e4 c5 2. c3 Nf6 3. e5 Nd5 4. d4 cxd4 5. cxd4 e6 6. Nf3 b6 7. Be2 Bb7 8. O-O
Be7 9. Nbd2 O-O 10. Ne4 d6 11. a3 dxe5 12. dxe5 Qc7 13. Bd3 Nd7 14. Re1 g6 15.
Bh6 Rfd8 16. Rc1 Qb8 17. Bg5 Bxg5 18. Nexg5 Nf4 19. Bc4 Nxe5 20. Qb3 Nxc4 21.
Qxc4 Rc8 22. Qb5 Rxc1 23. Rxc1 Qd6 24. Re1 h6 25. Ne4 Bxe4 26. Rxe4 Qd1+ 27.
Re1 Qd3 28. Qe5 Nh3+ 29. gxh3 Qxf3 30. Re3 Qd1+ 31. Kg2 Rd8 32. Qf6 Rd7 33. Rc3
Qd5+ 34. Kg3 Qg5+ 35. Qxg5 hxg5 36. b4 Kg7 37. Kg4 Rd4+ 38. Kg3 Kf6 39. f3 Rd7
40. Kg4 Rd4+ 41. Kg3 Ke7 42. Rc7+ Rd7 43. Rc8 f5 44. Rh8 Kf6 45. Rf8+ Rf7 46.
Rc8 Re7 47. Rf8+ Kg7 48. Rc8 e5 49. Rc6 Kf7 50. h4 gxh4+ 51. Kxh4 e4 52. fxe4
Rxe4+ 53. Kg5 Rg4+ 54. Kh6 Re4 55. Kg5 Rg4+ 56. Kh6 f4 57. h4 f3 58. h5 gxh5
59. Kxh5 f2 60. Kxg4 f1=Q 61. Rc7+ Ke6 62. Rxa7 Kd5 63. Kg3 Kc4 64. Ra6 Kb3 65.
Ra7 Kb2 66. Ra8 b5 67. Ra5 Kb3 68. Ra8 Qc1 69. Kf2 Qxa3 70. Rxa3+ Kxa3 71. Ke2
Kxb4 72. Kd2 Kb3 0-1

[Event "4NCL/Div4/SLOS4 vs. SXM"]
[Site "West Bromwich ENG"]
[Date "2006.05.27"]
[Round "9.5"]
[White "Sparkes, Daniel A"]
[Black "Bayliss, Lyall C P"]
[Result "1/2-1/2"]
[WhiteElo "2030"]
[BlackElo "1925"]
[PlyCount "81"]
[EventDate "2006.05.27"]
[EventType "team"]
[EventRounds "11"]
[EventCountry "ENG"]
[SourceDate "2006.04.29"]
[WhiteTeam "Slough Sharks 4"]
[BlackTeam "Sx Mindsports"]

1. e4 e5 2. Nf3 Nc6 3. Bb5 a6 4. Ba4 Nf6 5. O-O Be7 6. Re1 b5 7. Bb3 O-O 8. c3
d5 9. exd5 Nxd5 10. Nxe5 Nxe5 11. Rxe5 c6 12. d4 Bd6 13. Re1 Qh4 14. g3 Qh3 15.
Qf3 Bg4 16. Qg2 Qh5 17. Bxd5 cxd5 18. Be3 Bh3 19. Qh1 f5 20. Qxd5+ Kh8 21. Nd2
Rad8 22. Qf3 Bg4 23. Qh1 f4 24. Bxf4 Bxf4 25. gxf4 Rxf4 26. Re3 Rdf8 27. f3
Bxf3 28. Nxf3 Rxf3 29. Rxf3 Rxf3 30. Qg2 h6 31. Kh1 Qf5 32. Rg1 Qf8 33. d5 Rf2
34. Qg3 Rd2 35. Qe3 Rxd5 36. Re1 Rd8 37. Qe2 Qf7 38. a3 Qd5+ 39. Qe4 Qd2 40.
Qe2 Qg5 41. Rd1 1/2-1/2

[Event "4NCL/Div4/SLOS4 vs. SXM"]
[Site "West Bromwich ENG"]
[Date "2006.05.27"]
[Round "9.6"]
[White "Grant, David"]
[Black "Winchcombe, Andrew"]
[Result "1/2-1/2"]
[WhiteElo "1765"]
[BlackElo "1870"]
[PlyCount "60"]
[EventDate "2006.05.27"]
[EventType "team"]
[EventRounds "11"]
[EventCountry "ENG"]
[SourceDate "2006.04.29"]
[WhiteTeam "Sx Mindsports"]
[BlackTeam "Slough Sharks 4"]

1. e4 e6 2. d3 d5 3. Nd2 c5 4. g3 b6 5. Bg2 Bb7 6. Ngf3 Nf6 7. O-O Be7 8. Re1
O-O 9. h4 Qc7 10. Nh2 Rd8 11. e5 Nfd7 12. f4 c4 13. d4 c3 14. Ndf3 cxb2 15.
Bxb2 b5 16. Bh3 Nb6 17. Rb1 N8d7 18. f5 Nf8 19. Re2 Kh8 20. Rg2 Bc8 21. g4 a6
22. h5 Nc4 23. Bc1 Qa5 24. Ng5 Kg8 25. fxe6 Nxe6 26. Nxe6 Bxe6 27. Rb3 Qb6 28.
Bf4 f6 29. Nf3 fxe5 30. Nxe5 Nxe5 1/2-1/2

[Event "4NCL/Div4/FCA2 vs. CAMB2"]
[Site "West Bromwich ENG"]
[Date "2006.05.27"]
[Round "9.1"]
[White "Kendall, Paul S N"]
[Black "Gooding, Ian"]
[Result "1-0"]
[WhiteElo "2075"]
[BlackElo "2100"]
[PlyCount "78"]
[EventDate "2006.05.27"]
[EventType "team"]
[EventRounds "11"]
[EventCountry "ENG"]
[SourceDate "2006.04.29"]
[WhiteTeam "FCA Solutions 2"]
[BlackTeam "Cambridge Uni 2 "]

1. e4 e6 2. d3 d5 3. Nd2 c5 4. Ngf3 Nc6 5. g3 Nf6 6. Bg2 Be7 7. O-O O-O 8. a4
Qc7 9. Re1 a6 10. c3 Ra7 11. Nf1 b5 12. Bf4 Qb6 13. Ne5 Nxe5 14. Bxe5 Nd7 15.
exd5 Nxe5 16. Rxe5 exd5 17. axb5 Qxb5 18. Ne3 Bf6 19. Rxd5 Be6 20. c4 Qxb2 21.
Rb1 Qa3 22. Rd6 Be5 23. Rdb6 Rd8 24. Be4 g6 25. Qf3 Bg7 26. Bd5 Qxd3 27. Rd1
Qc3 28. Rxe6 Bd4 29. Rb6 Re7 30. Rxa6 Rf8 31. Ra8 Rxa8 32. Bxa8 Bxe3 33. fxe3
Rxe3 34. Qf1 Qe5 35. Bd5 Qe7 36. Ra1 Kg7 37. Qf4 f6 38. Rb1 Re1+ 39. Rxe1 Qxe1+
1-0

[Event "4NCL/Div4/FCA2 vs. CAMB2"]
[Site "West Bromwich ENG"]
[Date "2006.05.27"]
[Round "9.2"]
[White "Low, Ying Min"]
[Black "Adebajo, Femi"]
[Result "1-0"]
[WhiteElo "2050"]
[BlackElo "2050"]
[PlyCount "65"]
[EventDate "2006.05.27"]
[EventType "team"]
[EventRounds "11"]
[EventCountry "ENG"]
[SourceDate "2006.04.29"]
[WhiteTeam "Cambridge Uni 2 "]
[BlackTeam "FCA Solutions 2"]

1. d4 Nf6 2. c4 g6 3. Nc3 Bg7 4. e4 d6 5. Nf3 O-O 6. Be2 e5 7. O-O Nc6 8. d5
Ne7 9. Nd2 Ne8 10. b4 f5 11. a4 f4 12. c5 Nf6 13. Nc4 a6 14. Ba3 Ne8 15. b5 Rf6
16. Rb1 g5 17. b6 g4 18. bxc7 Nxc7 19. cxd6 f3 20. dxe7 Qe8 21. d6 Ne6 22. Nxe5
fxg2 23. d7 Bxd7 24. Qxd7 Qh5 25. Nxg4 gxf1=Q+ 26. Rxf1 Qg6 27. Kh1 Rf4 28. Rg1
Ng5 29. e5 h5 30. Nf6+ Bxf6 31. exf6 Kh8 32. Qd8+ Kh7 33. Bd3 1-0

[Event "4NCL/Div4/FCA2 vs. CAMB2"]
[Site "West Bromwich ENG"]
[Date "2006.05.27"]
[Round "9.3"]
[White "Majer, Chris E"]
[Black "Cooley, Oliver"]
[Result "1/2-1/2"]
[WhiteElo "2075"]
[BlackElo "2085"]
[PlyCount "55"]
[EventDate "2006.05.27"]
[EventType "team"]
[EventRounds "11"]
[EventCountry "ENG"]
[SourceDate "2006.04.29"]
[WhiteTeam "FCA Solutions 2"]
[BlackTeam "Cambridge Uni 2 "]

1. e4 d5 2. exd5 Qxd5 3. Nc3 Qa5 4. d4 Nf6 5. Bc4 Bf5 6. Bd2 c6 7. Qe2 e6 8. d5
cxd5 9. Nxd5 Qd8 10. Nxf6+ Qxf6 11. O-O-O Nc6 12. Bc3 Qh6+ 13. Kb1 Bb4 14. Bxb4
Nxb4 15. Bb5+ Nc6 16. g4 Bg6 17. h4 O-O 18. Nf3 Nb4 19. Ba4 Rac8 20. Nd4 Qf4
21. a3 Rfd8 22. h5 Be4 23. f3 Bc6 24. Nxc6 Nxc6 25. Bxc6 bxc6 26. Rd3 Rd5 27.
Rhd1 Rcd8 28. Rxd5 1/2-1/2

[Event "4NCL/Div4/FCA2 vs. CAMB2"]
[Site "West Bromwich ENG"]
[Date "2006.05.27"]
[Round "9.4"]
[White "Campbell, Mark"]
[Black "Valentine, Brian J"]
[Result "1-0"]
[WhiteElo "2005"]
[BlackElo "1990"]
[PlyCount "113"]
[EventDate "2006.05.27"]
[EventType "team"]
[EventRounds "11"]
[EventCountry "ENG"]
[SourceDate "2006.04.29"]
[WhiteTeam "Cambridge Uni 2 "]
[BlackTeam "FCA Solutions 2"]

1. e4 e5 2. Nf3 Nc6 3. Bb5 a6 4. Ba4 Nf6 5. O-O b5 6. Bb3 Be7 7. c3 d6 8. Re1
O-O 9. h3 Bb7 10. d4 Re8 11. Ng5 Rf8 12. f4 h6 13. Nf3 exf4 14. Bxf4 Na5 15.
Bc2 c5 16. Nbd2 Re8 17. Nf1 cxd4 18. cxd4 Nc6 19. Ng3 Bf8 20. a3 Ne7 21. Qd3
Ng6 22. Bd2 d5 23. e5 Ne4 24. Nh2 Rc8 25. Rac1 Rc4 26. Nhf1 Rxd4 27. Qe2 Nxd2
28. Nxd2 Qg5 29. Nf3 Qxg3 30. Bxg6 Rc4 31. Bd3 Bc5+ 32. Kh1 Rxc1 33. Rxc1 Bb6
34. a4 Qf4 35. Ra1 Rc8 36. axb5 axb5 37. Bxb5 Rc1+ 38. Rxc1 Qxc1+ 39. Kh2 Qf4+
40. g3 Qc1 41. e6 Bc5 42. exf7+ Kxf7 43. Qe8+ Kf6 44. Qe5+ Kf7 45. Qf5+ Ke7 46.
Qd7+ Kf6 47. Qd8+ Be7 48. Qb6+ Kf7 49. Qxb7 Qxb2+ 50. Kg1 Qb1+ 51. Kf2 Qb2+ 52.
Kf1 Qa1+ 53. Ne1 Qf6+ 54. Kg1 Qd4+ 55. Kh2 Qd2+ 56. Ng2 Kf6 57. Bc6 1-0